| 000 | 00651nam a2200229 i 4500 | ||
|---|---|---|---|
| 001 | 128748 | ||
| 003 | ES-MaACL | ||
| 005 | 20230906193344.0 | ||
| 007 | t| | ||
| 008 | 070524s1968 mx |||| | spa d | ||
| 080 | _a860(72)-344"19" | ||
| 100 | 1 |
_aTario, Francisco. _9109296 |
|
| 245 | 1 | 4 |
_aUna violeta de más _b: (cuentos fantásticos) / _cFrancisco Tario. |
| 250 | _a1ª ed. | ||
| 260 |
_a[México : _bJoaquín Mortiz], _c1968. |
||
| 300 |
_a199 p. ; _c20 cm. |
||
| 490 | 1 | _aNueva narrativa hispánica | |
| 830 | 0 |
_aNueva narrativa hispánica _9180692 |
|
| 852 |
_aES-MaACL _jE-9582 |
||
| 852 |
_aES-MaACL _jA-5749 |
||
| 999 |
_c128748 _d128748 |
||